000 01576nam a2200301Ia 4500
999 _c40434
_d40434
001 7043
003 GE_BSU
005 20231108171711.0
008 181216s2003||||ge |||||||||||||| ||geo||
040 _cGE_BSU
041 _ageo
080 _a336.741.28(075.8)+336.77.01(075.8) კ-17
100 _aკაკულია, რევაზ
_9751
245 _aფულის მიმოქცევისა და კრედიტის ზოგადი თეორია :
_bსახელმძღვ.საფინ-ეკონ.უმაღლ.სასწ.და უნ-ტის სტუდ. /
_cრევაზ კაკულია, გედევან ხელაია ; რედ. გივი გამსახურდია.
250 _aმე-2 შევსებული და გადამუშავებული გამოცემა
264 _aთბილისი :
_b[?],
_c2003.
300 _a470 გვ. ;
_c20 სმ.
541 _h23ლ.
653 _aფულის მიმოქცევის თეორია
653 _aკრედიტის თეორია
653 _a ინფლაცია
653 _aსასესხო კაპიტალის ბაზარი
653 _aფასიანი ქაღალდები
653 _a ბანკები
700 _aხელაია, გედევან
_eავტორი
_919827
700 _aგამსახურდია, გივი
_eრედაქტორი
_915599
942 _cBK
_2udc